[Event "AUTO-OPEN-4168"]
[Site "http://www.queenalice.com/game.php?id=1610247"]
[Date "2020.5.1"]
[Round "1"]
[White "Konig"]
[Black "ggteste1"]
[Result "1-0"]
[WhiteElo "1884"]
[BlackElo "1842"]

1. c4 e5 2. Nc3 Bc5 3. g3 f5 4. e4 d6 5. d3 Qf6 6. Nd5 Qf7 7. Nf3 h6 8. Be3 Bxe3
9. Nxe3 Ne7 10. Qb3 Nd7 11. exf5 Nc5 12. Qc2 Bxf5 13. Nxf5 Nxf5 14. Bg2 O-O 15.
O-O a5 16. Rad1 c6 17. d4 exd4 18. Nxd4 Nxd4 19. Rxd4 Qf6 20. Qd2 Rad8 21. Rd1
b5 22. Bxc6 b4 23. f4 Kh7 24. Rxd6 Ne6 25. Rxd8 Nxd8 26. Be4+ g6 27. Qd6 Qxd6
28. Rxd6 Nf7 29. Rxg6 Nh8 30. Ra6+ Kg8 31. Rxa5 Re8 32. Ra8 Rxa8 33. Bxa8 Kg7
34. c5 Kf7 35. Kf2 Ke6 36. c6 Nf7 37. Ke3 Kd6 38. Kd4 Nd8 39. Kc4 Nxc6 40. Bxc6
Kxc6 41. Kxb4 Kd5 42. a4 Ke4 43. a5 Kf3 44. a6 Kg2 45. a7 Kxh2 46. a8=Q Kxg3 47.
f5 h5 48. f6 h4 49. f7 h3 50. f8=Q h2 51. Qg7+ Kf2 52. Qag2+ Ke1 53. Qc3+ Kd1
54. Qcd2# 1-0

[Event "AUTO-OPEN-4168"]
[Site "http://www.queenalice.com/game.php?id=1610266"]
[Date "2020.5.1"]
[Round "1"]
[White "CERVERO"]
[Black "Konig"]
[Result "0-1"]
[WhiteElo "1851"]
[BlackElo "1834"]

1. d4 c5 2. d5 Nf6 3. Nc3 d6 4. e4 e6 5. Bg5 Be7 6. Bb5+ Bd7 7. Bxd7+ Nbxd7 8.
Nge2 O-O 9. Ng3 Re8 10. O-O Qb6 11. Rb1 h6 12. Be3 Qc7 13. a3 Bf8 14. Qf3 exd5
15. exd5 Ne5 16. Qe2 a6 17. Rfe1 Rab8 18. b3 Re7 19. Nf5 Ree8 20. Qd2 b5 21. Qe2
b4 22. axb4 cxb4 23. Na4 Nxd5 24. Red1 Nxe3 25. Nxe3 Rb5 26. Nd5 Qc6 27. Ne3 Ng6
28. Nb2 Rg5 29. g3 f5 30. Qf1 Nh4 31. Ng2 Nf3+ 32. Kh1 Rh5 33. h4 Re4 34. Rd3
Nxh4 35. Kg1 Rg4 36. gxh4 Rhxh4 37. f3 Rg3 38. Qf2 Rhh3 39. Rf1 d5 40. f4 Bc5
41. Rd4 Qf6 0-1

[Event "AUTO-OPEN-4168"]
[Site "http://www.queenalice.com/game.php?id=1610267"]
[Date "2020.5.1"]
[Round "1"]
[White "Konig"]
[Black "CERVERO"]
[Result "0-1"]
[WhiteElo "1807"]
[BlackElo "1888"]

1. c4 e5 2. Nc3 Nf6 3. Nf3 Nc6 4. e4 Bb4 5. Qc2 d6 6. a3 Bxc3 7. bxc3 Be6 8. d4
exd4 9. cxd4 Bg4 10. d5 Ne7 11. Be2 O-O 12. Bg5 Ng6 13. O-O Re8 14. h3 Bxf3 15.
Bxf3 Re5 16. Be3 Re8 17. Bd4 b6 18. Rfe1 Qd7 19. Bxf6 gxf6 20. Rab1 a5 21. Rb3
Ne5 22. Rbe3 Kh8 23. Qc3 Rg8 24. Bg4 Nxg4 25. hxg4 Qxg4 26. Rg3 Qh4 27. Qxf6+
Qxf6 0-1

[Event "AUTO-OPEN-4168"]
[Site "http://www.queenalice.com/game.php?id=1610276"]
[Date "2020.5.1"]
[Round "1"]
[White "Tikitaka"]
[Black "Konig"]
[Result "0-1"]
[WhiteElo "1367"]
[BlackElo "1796"]

1. Nf3 Nf6 2. d4 g6 3. g3 Bg7 4. Bg2 O-O 5. O-O d6 6. Nc3 Nbd7 7. e4 e5 8. d5 c6
9. Bg5 h6 10. Bxf6 Nxf6 11. h3 cxd5 12. exd5 Qb6 13. Rb1 Bd7 14. g4 Nh7 15. Nd2
Rac8 16. Nde4 Nf6 17. Nxf6+ Bxf6 0-1

[Event "AUTO-OPEN-4168"]
[Site "http://www.queenalice.com/game.php?id=1610277"]
[Date "2020.5.1"]
[Round "1"]
[White "Konig"]
[Black "Tikitaka"]
[Result "1-0"]
[WhiteElo "1794"]
[BlackElo "1369"]

1. c4 e5 2. Nc3 Bb4 3. g3 c5 4. Bg2 d6 5. a3 Bxc3 6. bxc3 Nf6 7. Rb1 Qc7 8. e3
Nc6 9. Ne2 O-O 10. d4 b6 11. O-O Rb8 12. Bd2 Bg4 13. h3 Bxe2 14. Qxe2 exd4 15.
cxd4 Qe7 16. Bxc6 Qc7 17. d5 1-0

[Event "AUTO-ADV-4337"]
[Site "http://www.queenalice.com/game.php?id=1610630"]
[Date "2020.5.3"]
[Round "1"]
[White "bouley"]
[Black "Konig"]
[Result "1-0"]
[WhiteElo "2035"]
[BlackElo "1742"]

1. e4 g6 2. d4 Bg7 3. Nf3 d6 4. Bd3 e5 5. dxe5 dxe5 6. Bg5 Ne7 7. O-O O-O 8. Qe2
a6 9. Nc3 c6 10. Rfd1 Qc7 11. Qe3 f5 12. Bc4+ Kh8 13. Qc5 Nd7 14. Qxe7 b5 15.
Be6 Ra7 16. Bxd7 1-0

[Event "AUTO-ADV-4337"]
[Site "http://www.queenalice.com/game.php?id=1610631"]
[Date "2020.5.3"]
[Round "1"]
[White "Konig"]
[Black "bouley"]
[Result "1-0"]
[WhiteElo "1798"]
[BlackElo "1781"]

1. d4 d5 2. Bf4 c5 3. Nf3 Nc6 4. e3 Nf6 5. c3 Bg4 6. Be2 e6 7. Nbd2 Be7 8. O-O
O-O 9. h3 Bh5 10. g4 Nxg4 11. hxg4 Bxg4 12. Nh2 Bf5 13. dxc5 Bxc5 14. Nb3 Bd6
15. Bg3 Bxg3 16. fxg3 Qg5 17. Kf2 Bh3 18. Nf3 Qf6 19. Rh1 Bg4 20. Qd3 g6 21. Kg2
Ne5 22. Nxe5 Bxe2 23. Qd4 b6 24. Rae1 Bb5 25. Rh6 Qg7 26. Reh1 1-0

[Event "AUTO-ADV-4337"]
[Site "http://www.queenalice.com/game.php?id=1610642"]
[Date "2020.5.3"]
[Round "1"]
[White "Pistolero"]
[Black "Konig"]
[Result "1/2-1/2"]
[WhiteElo "2099"]
[BlackElo "1875"]

1. e4 d6 2. d4 g6 3. c4 Bg7 4. Nc3 e5 5. Nf3 Bg4 6. Be2 Bxf3 7. Bxf3 Ne7 8. Be3
Nd7 9. O-O O-O 10. d5 c6 11. Qa4 Qc7 12. Rfc1 f5 13. Bg5 Nf6 14. b4 fxe4 15.
Nxe4 Nxe4 16. Bxe4 Rac8 17. Bxe7 Qxe7 18. dxc6 bxc6 19. Bxc6 e4 20. Bd5+ Kh8 21.
Rab1 Rxf2 22. Kxf2 Bd4+ 23. Ke2 Qh4 24. Rf1 Qg4+ 25. Ke1 Bc3+ 26. Kf2 Bd4+
1/2-1/2

[Event "AUTO-ADV-4337"]
[Site "http://www.queenalice.com/game.php?id=1610643"]
[Date "2020.5.3"]
[Round "1"]
[White "Konig"]
[Black "Pistolero"]
[Result "1-0"]
[WhiteElo "1998"]
[BlackElo "2136"]

1. d4 Nf6 2. Bf4 d6 3. Nf3 g6 4. e3 Bg7 5. Bd3 O-O 6. O-O Nbd7 7. c3 Nh5 8. Nbd2
e5 9. Bg3 Nxg3 10. fxg3 f5 11. e4 Nf6 12. exf5 gxf5 13. dxe5 dxe5 14. Nxe5 Ng4
15. Nxg4 Qxd3 16. Rf3 Qb5 17. Ne3 Qxb2 18. Qb3+ Qxb3 19. Nxb3 Bxc3 20. Rc1 Be5
21. Nc4 Bg7 22. Ne3 c6 23. Rc5 Bd7 24. Nxf5 Rae8 25. Nxg7 Kxg7 26. Rg5+ Kh6 27.
Ra5 a6 28. Rxf8 Rxf8 29. Ra4 Rf5 30. Rd4 Rd5 31. Rxd5 cxd5 32. Kf2 Kg5 33. Ke3
Kg4 34. Kd4 Bc6 35. Na5 h5 36. Ke5 h4 37. gxh4 Kxh4 38. Kd4 Kg4 39. a3 Kf4 40.
Nb3 Kf5 41. Nd2 Kf4 42. Nb1 Kf5 43. Nc3 Kf4 44. Nxd5+ Kg5 45. g3 Kg4 46. Ke5 Kh3
47. Nf6 Bf3 48. g4 Kh4 49. Kf4 Bd1 50. g5 b5 51. g6 Bb3 52. Ke5 Kg5 53. g7 Bf7
54. g8=Q+ Bxg8 55. Nxg8 a5 56. Kd4 Kg4 57. Ne7 b4 58. a4 1-0

[Event "AUTO-ADV-4337"]
[Site "http://www.queenalice.com/game.php?id=1610648"]
[Date "2020.5.3"]
[Round "1"]
[White "Daniel1962"]
[Black "Konig"]
[Result "0-1"]
[WhiteElo "1909"]
[BlackElo "1813"]

1. e4 g6 2. c3 d6 3. Bc4 Bg7 4. Qf3 Nf6 5. Ne2 O-O 6. d4 Nbd7 7. Nd2 e5 8. dxe5
Nxe5 9. Qe3 Nxc4 10. Nxc4 Re8 11. f3 Be6 12. Na5 b6 13. Nc6 Qd7 14. Ned4 Nd5 15.
Qg5 h6 16. Qg3 Ne7 17. Nxe7+ Rxe7 18. Be3 f5 19. Qxg6 fxe4 20. Bxh6 exf3 21. O-O
fxg2 22. Qxg2 Rae8 23. Nxe6 Qxe6 24. Bg5 Rf7 25. Rae1 Qxe1 26. h4 Rxf1+ 27. Qxf1
Qg3+ 0-1

[Event "AUTO-ADV-4337"]
[Site "http://www.queenalice.com/game.php?id=1610649"]
[Date "2020.5.3"]
[Round "1"]
[White "Konig"]
[Black "Daniel1962"]
[Result "1-0"]
[WhiteElo "1865"]
[BlackElo "1719"]

1. d4 d5 2. Bf4 Nc6 3. Nf3 e6 4. e3 Nf6 5. Bd3 Bd6 6. Bg3 Bxg3 7. hxg3 Qd6 8. c3
Ng4 9. Ng5 Nh6 10. Qf3 f6 11. Nh3 e5 12. dxe5 Nxe5 13. Qe2 Bg4 14. f3 Bxh3 15.
Rxh3 O-O-O 16. Na3 Nxd3+ 17. Qxd3 Rde8 18. Kf2 g5 19. Rxh6 c6 20. Qf5+ Re6 21.
Rah1 Qe7 22. Rxh7 Rxh7 23. Rxh7 Qd6 24. Qg6 Re7 25. Rxe7 Qxe7 26. Nc2 Kc7 27.
Nd4 b5 28. Qg8 Kb6 29. Qb8+ Kc5 30. Qc8 Qd6 31. Qa8 Qd7 32. f4 gxf4 33. gxf4 Kc4
34. Nxc6 Kd3 35. Nxa7 Kc2 36. Qb8 Kxb2 37. Nxb5 Kxa2 38. Qa8+ Kb3 39. Qa3+ Kc4
40. Qb4+ Kd3 41. Qd4+ Kc2 42. Na3+ Kb3 43. Qb4+ Ka2 44. c4 dxc4 45. Nxc4 1-0

[Event "AUTO-ADV-4319"]
[Site "http://www.queenalice.com/game.php?id=1629758"]
[Date "2020.10.14"]
[Round "2"]
[White "BOY2020"]
[Black "Konig"]
[Result "0-1"]
[WhiteElo "2139"]
[BlackElo "1953"]

1. e4 c5 2. Nf3 e6 3. d4 cxd4 4. Nxd4 a6 5. Be3 Nc6 6. Bd3 Be7 7. Qg4 Nf6 8. Qe2
d5 9. Nc3 O-O 10. O-O-O Qc7 11. Kb1 Nxd4 12. Bxd4 e5 13. Nxd5 Nxd5 14. exd5 exd4
15. Qe4 f5 16. Qxd4 Bc5 17. Qh4 b5 18. g4 Qf4 19. f3 g5 20. Qh6 Bd4 21. h4 Bg7
22. Qc6 Ra7 23. d6 gxh4 24. Bxf5 Bxf5 25. Qd5+ Raf7 26. gxf5 Qxf5 27. Qxf5 Rxf5
28. Rxh4 Rxf3 29. d7 Rd8 30. a3 Rf7 0-1

[Event "AUTO-ADV-4319"]
[Site "http://www.queenalice.com/game.php?id=1629759"]
[Date "2020.10.14"]
[Round "2"]
[White "Konig"]
[Black "BOY2020"]
[Result "1-0"]
[WhiteElo "1976"]
[BlackElo "2121"]

1. e4 c5 2. Nf3 d6 3. d4 cxd4 4. Nxd4 Nf6 5. Nc3 a6 6. Bd3 g6 7. O-O Bg7 8. h3
O-O 9. Be3 e5 10. Nf3 Be6 11. Ng5 Bc8 12. Bc4 Qc7 13. Qd3 h6 14. Nf3 Nbd7 15.
Rfd1 Nc5 16. Qxd6 Qxd6 17. Rxd6 Ncxe4 18. Nxe4 Nxe4 19. Rxg6 Kh7 20. Rb6 f5 21.
Rd1 Rb8 22. Bxa6 f4 23. Bd3 Bf5 24. Bc1 Nc5 25. Bxf5+ Rxf5 26. Rd5 Na6 27. Bd2
Nc7 28. Rd7 Na6 29. g4 fxg3 30. Bxh6 1-0

[Event "AUTO-OPEN-4168"]
[Site "http://www.queenalice.com/game.php?id=1630306"]
[Date "2020.10.19"]
[Round "2"]
[White "serinha"]
[Black "Konig"]
[Result "1-0"]
[WhiteElo "2624"]
[BlackElo "1978"]

1. g3 d5 2. Nh3 Nf6 3. f4 Nc6 4. d4 Bf5 5. Bg2 Qd7 6. Nf2 O-O-O 7. c3 h5 8. h3
Rh6 9. Nd2 Rg6 10. Nf1 e6 11. e3 Bd6 12. Bf3 Rh8 13. Rh2 Rgh6 14. b4 Kb8 15. a4
Ne7 16. Qb3 Bg6 17. Rg2 Rd8 18. Nd2 c6 19. g4 hxg4 20. hxg4 Rh4 21. c4 Bc7 22.
Bb2 dxc4 23. Nxc4 Nfd5 24. b5 Ka8 25. Ba3 Rdh8 26. Ra2 f6 27. Bc5 1-0

[Event "AUTO-OPEN-4168"]
[Site "http://www.queenalice.com/game.php?id=1630307"]
[Date "2020.10.19"]
[Round "2"]
[White "Konig"]
[Black "serinha"]
[Result "0-1"]
[WhiteElo "1949"]
[BlackElo "2625"]

1. c4 g6 2. Nc3 Bg7 3. d4 d6 4. Nf3 Nf6 5. e4 O-O 6. Be2 e5 7. dxe5 dxe5 8. O-O
Nc6 9. Bg5 Bg4 10. Qxd8 Nxd8 11. h3 Bxf3 12. Bxf3 Ne6 13. Be3 Rfd8 14. Rad1 h5
15. Rxd8+ Rxd8 16. Rd1 Rxd1+ 17. Bxd1 a5 18. g3 Kh7 19. Kf1 Bh6 20. Ke2 Ne8 21.
b3 Nd6 22. f3 Bxe3 23. Kxe3 g5 24. h4 f6 25. Nd5 Kg7 26. Be2 c6 27. Nb6 Nc5 0-1

[Event "AUTO-OPEN-4168"]
[Site "http://www.queenalice.com/game.php?id=1630310"]
[Date "2020.10.19"]
[Round "2"]
[White "josebaron"]
[Black "Konig"]
[Result "1-0"]
[WhiteElo "2547"]
[BlackElo "2020"]

1. e4 c5 2. Bc4 e6 3. Nc3 Nc6 4. Nf3 Nf6 5. O-O d5 6. exd5 exd5 7. Re1+ Be7 8.
Bb5 O-O 9. Bxc6 bxc6 10. h3 d4 11. Na4 Re8 12. b3 Be6 13. Ba3 Qa5 14. d3 Nd7 15.
Qd2 Qb5 16. c4 dxc3 17. Nxc3 Qa6 18. Bb2 Rad8 19. Ne4 h6 20. Re3 Bf8 21. Nh4 Bd5
22. Nf5 Bxe4 23. Rxe4 f6 24. Qe3 Rxe4 25. Qxe4 Qa5 26. Qc4+ Kh8 27. Bc3 Qb5 28.
Re1 Qxc4 29. dxc4 Ne5 30. Bxe5 fxe5 31. Ng3 Rd2 32. Re2 Rd1+ 33. Kh2 Kh7 34. h4
Bd6 35. Nf5 Bf8 36. f3 Ra1 37. Rd2 Kg6 38. g4 h5 39. Ng3 hxg4 40. fxg4 Be7 41.
Kh3 Kf6 42. h5 a5 43. Nf5 1-0

[Event "AUTO-OPEN-4168"]
[Site "http://www.queenalice.com/game.php?id=1630311"]
[Date "2020.10.19"]
[Round "2"]
[White "Konig"]
[Black "josebaron"]
[Result "1/2-1/2"]
[WhiteElo "1939"]
[BlackElo "2496"]

1. c4 e5 2. Nc3 Nf6 3. Nf3 d6 4. d4 exd4 5. Nxd4 Be7 6. e4 h5 7. h3 Nc6 8. Be3
Kf8 9. Nxc6 bxc6 10. Be2 a5 11. O-O c5 12. f4 Kg8 13. e5 dxe5 14. Qxd8+ Bxd8 15.
fxe5 Nd7 16. Rad1 Be7 17. Bf4 Rb8 18. b3 Nf8 19. Nd5 Bh4 20. g3 Bd8 1/2-1/2